Царевич Алексей Петрович, 1690-1718. (История царствования Петра Великого. Н. Устрялова. Т. 6: царевич Алексей Петрович. Спб., 1859 г., в 8 д., 640 стр., с портретом, 6-ю снимками и двумя видами) (Запись № 5250543)

Подробности
000 -МАРКЕР
контрольное поле 01815nam0a22002651 4500
001 - ИДЕНТИФИКАТОР ЗАПИСИ
контрольное поле v19\rc\1198708
005 - ИДЕНТИФИКАТОР ВЕРСИИ
контрольное поле 20260406124932.0
035 ## - ДРУГИЕ СИСТЕМНЫЕ НОМЕРА
Идентификатор записи (NLR Aleph) 005194918
100 ## - ДАННЫЕ ОБЩЕЙ ОБРАБОТКИ
Данные общей обработки 20060306e18601860|||y0rusy50 ca
101 0# - ЯЗЫК РЕСУРСА
Язык текста, звукозаписи и т.д. русский
102 ## - СТРАНА ПУБЛИКАЦИИ ИЛИ ПРОИЗВОДСТВА
Страна публикации Российская Федерация
105 ## - ПОЛЕ КОДИРОВАННЫХ ДАННЫХ: ТЕКСТОВЫЕ МАТЕРИАЛЫ, МОНОГРАФИЧЕСКИЕ
Кодированные данные о монографическом текстовом документе y z |||||
200 1# - ЗАГЛАВИЕ И СВЕДЕНИЯ ОБ ОТВЕТСТВЕННОСТИ
Основное заглавие Царевич Алексей Петрович, 1690-1718. (История царствования Петра Великого. Н. Устрялова. Т. 6: царевич Алексей Петрович. Спб., 1859 г., в 8 д., 640 стр., с портретом, 6-ю снимками и двумя видами)
Сведения, относящиеся к заглавию [Рец.]
-- (Из журн.: Русское слово, Спб. 1860, № 1. С. 1-66)
210 ## - ПУБЛИКАЦИЯ, РАСПРОСТРАНЕНИЕ И ДР.
Дата издания, распространения и т.д. 1860
Место издания, распространения и т.д. Б. м.
300 ## - ОБЩИЕ ПРИМЕЧАНИЯ
Текст примечания В конце текста авт.: Михаил
470 #0 - РЕЦЕНЗИРУЕМЫЙ, РЕФЕРИРУЕМЫЙ ДОКУМЕНТ
Встроенное поле 2001#$aИстория царствования Петра Великого$f[Соч.] Н. Устрялова$hТ. 6$iЦаревич Алексей Петрович, 1690-1718. В 8 д. С портр., 6 снимками и двумя видами
-- 210##$aСанкт-Петербург$d1859
-- 215##$a640 с.
-- 700#1$aУстрялов$bН. Г.$f1805-1870$fНиколай Герасимович
Заглавие История царствования Петра Великого
Автор Устрялов, Н. Г. (Николай Герасимович)
488 #0 - ДРУГИЕ ВЗАИМОСВЯЗАННЫЕ ПРОИЗВЕДЕНИЯ (ДОКУМЕНТЫ)
Встроенное поле 2001#$aРусское слово$v1860, № 1
-- 210##$aСанкт-Петербург
-- 215##$aС. 1-66
Заглавие Русское слово
700 #1 - ИМЯ ЛИЦА - ПЕРВИЧНАЯ ОТВЕТСТВЕННОСТЬ
Материалы, к которым относится поле rus
Графика поля Кириллица
Начальный элемент ввода Семевский
Часть имени, кроме начального элемента ввода М. И.
Даты 1837-1892
Расширение инициалов личного имени Михаил Иванович
Идентификатор авторитетной/нормативной записи RU\NLR\AUTH\771311
Системный номер авторитетной/нормативной записи 111338
801 #2 - ИСТОЧНИК ЗАПИСИ
Страна Российская Федерация
Организация NLR
Дата составления 20061222
Источник данных rusmarc
801 #0 - ИСТОЧНИК ЗАПИСИ
Страна Российская Федерация
Организация NLR
Дата составления 20060306
Правила каталогизации psbo
801 #1 - ИСТОЧНИК ЗАПИСИ
Страна Российская Федерация
Организация ProSoft-M
Дата составления 20060306
Источник данных rusmarc
852 ## - МЕСТОНАХОЖДЕНИЕ И ШИФР ХРАНЕНИЯ
Идентификатор организации NLR
Шифр хранения (Call Number) 18.127.1.369
942 ## - ДОПОЛНИТЕЛЬНЫЕ ЭЛЕМЕНТЫ ЗАПИСИ (АБИС)
Тип экземпляра АБИС Книга
980 ## - КОЛЛЕКЦИЯ
Название коллекции Национальная библиография
Экземпляры
Тип экземпляра Дата поступления Библиотека постоянного хранения Библиотека текущего хранения Место хранения Шифр хранения Штрих-код Статус экземпляра
Книга 26.10.2013 РНБ (Садовая) РНБ (Садовая) Русский книжный фонд -Главное здание, Ленинский читальный зал 18.127.1.369 1-4668097